| 000 | 00367nam a2200133Ia 4500 | ||
|---|---|---|---|
| 008 | 220204s9999 xx 000 0 und d | ||
| 082 |
_a573.6:581 _bCHO |
||
| 100 | _aChopra, V L | ||
| 245 | 0 | _aApplied plant biotechnology | |
| 260 |
_aNew Delhi _bOxford & IBH Publishiing _c1999 |
||
| 650 | _aOIl crops genetic engineering | ||
| 650 | _aTransgenic crops | ||
| 942 | _cBK | ||
| 999 |
_c41796 _d41796 |
||